Rome - Culture générale - Statistiques

Statistiques générales
  • Ce quiz a été pris 12 575 fois
    12 398 depuis la dernière actualisation
  • Le résultat moyen est 13 sur 25
Statistiques - réponses
Information Réponse % Correct
Animal symbole de la ville Louve
92%
"Cité-état" qui se trouve au milieu de la ville Vatican
87%
Selon l'expression, ceux-ci mènent tous à Rome Chemins
82%
Fondateur légendaire de la ville Romulus
82%
Autre nom de l’amphithéâtre Flavien Colisée
78%
Plus grande et célèbre fontaine Fontaine de {Trévi}
78%
Peintre de la chapelle Sixtine Michel-Ange
78%
Premier empereur de Rome qui développa massivement la ville Auguste
62%
Actuel évêque de Rome (d'origine américaine...) Léon XIV
60%
Fleuve autour duquel la ville s'est construite Tibre
59%
Seule et unique ville jumelle de Rome Paris
58%
"Duce" qui clamait ses discours depuis la Piazza Venezia Benito Mussolini
47%
Temple antique encore presque intact, supporté d'une grande coupole Panthéon
47%
Système d'hygiène en usage depuis ~2500 ans Égouts (Cloaca Maxima)
46%
Ancien cœur commerçant et politique de l'Empire Romain Forum
44%
Célèbre gladiateur révolté, interprété à l'écran par Kirk Douglas Spartacus
44%
Le nom de l'une des 7 collines sur lesquelles la ville s'est développée Aventin / Capitole / Quirinal / Viminal / Palatin / Esquilin / Cælius
43%
Région italienne dont Rome est la capitale Latium
43%
Garniture très salée spécifique à la pizza romaine Anchois
40%
Compositeur connu pour ses musiques de films notamment pour Sergio Leone Ennio Morricone
29%
Date de la fondation légendaire de Rome 753 av. J.-C.
25%
Mouvement artistique de la Renaissance né à Rome, la basilique Saint-Pierre en est un exemple. Baroque
25%
Stade multisport où s'est déroulé la finale du Mondial 1990 entre autres Stadio Olimpico
21%
"Ville" en latin, également surnom de Rome Urbs
21%
Film de Federico Fellini (1960) suivant un journaliste people à la recherche de l'amour à Rome La Dolce Vita
17%
Aucun quiz correspondant
Distribution des résultats
% des personnes avec chaque résultat
Percentile par nombre de réponses
Votre historique - résultats
Vous n’avez pas pris ce quiz depuis la dernière actualisation